Fact fiction and fantasy

Guardat en:
Dades bibliogràfiques
Autor principal: Christie, David (Autor)
Format: Llibre
Idioma:anglès
Publicat: Londres Penguin Books 1989
Col·lecció:New Connexions, 12
Matèries:
Etiquetes: Afegir etiqueta
Sense etiquetes, Sigues el primer a etiquetar aquest registre!

MARC

LEADER 00000cam a2200000 a 4500
001 UCF3786
003 CL-VaPUC
008 121031e19890000UK |||||||||||||||||eng|d
020 |a 0140808914 
082 0 4 |a 428  |b CHR  |2 21 
100 0 |a Christie, David  |e author  |9 565497 
245 1 0 |a Fact fiction and fantasy 
300 |a 84 p 
942 |c BK 
945 |d 20121031 00:00:00  |a dcastane 
260 |a Londres  |b Penguin Books  |c 1989 
650 0 |a Inglés  |9 260023 
650 0 |a Lingüística aplicada   |9 313266 
650 0 |a Análisis de textos   |9 440179 
583 |a last modification  |c 20121031 10:09:00  |k Rodrigo Vera 
490 0 |a New Connexions, 12 
999 |c 349916  |d 349914 
952 |0 0  |1 0  |4 0  |6 428_000000000000000_CHR_1989  |7 0  |8 A  |9 452802  |a BIBEDU  |b BIBEDU  |d 2019-11-22  |i 4809580  |o 428 CHR 1989  |p 4809580  |r 2019-11-22  |w 2019-11-22  |y BK  |k LIT